[Event "Olimpiada de Khanty-Mansiysk 2010"]
[Site "Khanty-Mansiysk RUS"]
[Date "2010.10.03"]
[Round "11"]
[White "Seegolam, Pradeep"]
[Black "Liu, Yeh Yang"]
[Result "1-0"]
[WhiteElo "2040"]
[BlackElo "1818"]
[PlyCount "135"]
[EventDate "2010.09.21"]
[EventType "team"]
[EventRounds "11"]
[EventCountry "RUS"]
[Source "lmi"]
[SourceDate "2010.09.21"]
[WhiteTeam "Mauricio"]
[BlackTeam "TPE"]
[WhiteTeamCountry "MRI"]

1. d4 c5 2. d5 e6 3. Nc3 Nf6 4. e4 exd5 5. e5 Qe7 6. Qe2 Ne4 7. Nxd5 Qxe5 8. c4
Bd6 9. Bf4 Qe6 10. Bxd6 Na6 11. Nc7+ Nxc7 12. Bxc7 O-O 13. f3 Qc6 14. Qxe4 Qxc7
15. Bd3 g6 16. Ne2 d5 17. cxd5 Qa5+ 18. Kf2 b5 19. Qf4 Bb7 20. Nc3 c4 21. Bc2
Rad8 22. Rhd1 Rfe8 23. Ne4 Qb6+ 24. Kf1 f5 25. Nc3 b4 26. Ne2 Bxd5 27. Rxd5
Rxd5 28. Qxc4 Qb5 29. Bb3 Kg7 30. Qxb5 Rxb5 31. Ba4 Rxe2 32. Kxe2 Ra5 33. Bb3
f4 34. Rd1 Re5+ 35. Kf2 a5 36. Rd5 Rxd5 37. Bxd5 Kf6 38. Ke2 Ke5 39. Bg8 h6 40.
Kd3 g5 41. h3 Kd6 42. Kd4 Kc6 43. Ke5 Kc5 44. Bd5 a4 45. b3 a3 46. Be4 h5 47.
Bg6 h4 48. Be4 Kb6 49. Kd6 Kb5 50. Bc6+ Kb6 51. Bd7 Kb7 52. Kc5 Kc7 53. Bf5 Kb7
54. Kxb4 Kc6 55. Kxa3 Kc5 56. b4+ Kb5 57. Kb3 Kb6 58. a4 Kc6 59. Kc4 Kb6 60.
a5+ Ka6 61. Kc5 Kb7 62. Be4+ Ka6 63. Bd3+ Kb7 64. a6+ Ka7 65. b5 Kb8 66. b6 Ka8
67. Be4+ Kb8 68. a7+ 1-0

[Event "Olimpiada de Khanty-Mansiysk 2010"]
[Site "Khanty-Mansiysk RUS"]
[Date "2010.10.03"]
[Round "11"]
[White "Lin, Chieh-Sheng Jason"]
[Black "Marie, Patrick"]
[Result "1/2-1/2"]
[WhiteElo "1736"]
[BlackElo "2146"]
[PlyCount "81"]
[EventDate "2010.09.21"]
[EventType "team"]
[EventRounds "11"]
[EventCountry "RUS"]
[Source "lmi"]
[SourceDate "2010.09.21"]
[WhiteTeam "TPE"]
[BlackTeam "Mauricio"]
[BlackTeamCountry "MRI"]

1. e4 c5 2. Nf3 Nc6 3. c3 Nf6 4. e5 Nd5 5. d4 cxd4 6. cxd4 d6 7. Bc4 e6 8. O-O
Be7 9. Re1 dxe5 10. dxe5 Nb6 11. Bb5 Qxd1 12. Rxd1 Bd7 13. Nc3 Bb4 14. Bxc6
Bxc6 15. Nd4 Bxc3 16. bxc3 Ba4 17. Nb3 O-O 18. Ba3 Rfc8 19. Rac1 Nc4 20. Bd6
Rd8 21. Rd4 Rac8 22. Nc5 Nxd6 23. exd6 Rxc5 24. Rxa4 a6 25. Rb4 b5 26. Rd4 Rd5
27. Rxd5 exd5 28. Kf1 Rxd6 29. Ke2 Kf8 30. Kd3 Ke7 31. Kd4 Kd7 32. a4 bxa4 33.
Ra1 Rc6 34. Rxa4 Rc4+ 35. Rxc4 dxc4 36. Kxc4 Kc6 37. f4 a5 38. g4 f6 39. h4 g6
40. Kd4 a4 41. Ke4 1/2-1/2

[Event "Olimpiada de Khanty-Mansiysk 2010"]
[Site "Khanty-Mansiysk RUS"]
[Date "2010.10.03"]
[Round "11"]
[White "Shrestha, Bilam Lal"]
[Black "Matoewi, Roger"]
[Result "1-0"]
[WhiteElo "2096"]
[BlackElo "2151"]
[PlyCount "51"]
[EventDate "2010.09.21"]
[EventType "team"]
[EventRounds "11"]
[EventCountry "RUS"]
[Source "lmi"]
[SourceDate "2010.09.21"]
[WhiteTeam "Nepal"]
[BlackTeam "Surinam"]
[WhiteTeamCountry "NEP"]
[BlackTeamCountry "SUR"]

1. e4 c5 2. Nf3 d6 3. c3 Nf6 4. Be2 g6 5. O-O Bg7 6. Re1 O-O 7. d3 Nc6 8. Nbd2
Rb8 9. a4 a6 10. Nf1 b5 11. axb5 axb5 12. Ng3 b4 13. d4 Qc7 14. h3 Bb7 15. Be3
cxd4 16. cxd4 Ra8 17. Qd2 d5 18. e5 Nd7 19. Bh6 Rxa1 20. Rxa1 Ra8 21. Rxa8+
Bxa8 22. Bxg7 Kxg7 23. Ng5 Nf8 24. Qf4 Nd8 25. Bd3 Nfe6 26. Qxf7+ 1-0

[Event "Olimpiada de Khanty-Mansiysk 2010"]
[Site "Khanty-Mansiysk RUS"]
[Date "2010.10.03"]
[Round "11"]
[White "Gajadin, Dewperkash"]
[Black "Malakar, Prachand Man"]
[Result "1-0"]
[WhiteElo "2179"]
[BlackElo "1959"]
[PlyCount "55"]
[EventDate "2010.09.21"]
[EventType "team"]
[EventRounds "11"]
[EventCountry "RUS"]
[Source "lmi"]
[SourceDate "2010.09.21"]
[WhiteTeam "Surinam"]
[BlackTeam "Nepal"]
[WhiteTeamCountry "SUR"]
[BlackTeamCountry "NEP"]

1. e4 c5 2. Nf3 Nc6 3. d4 cxd4 4. Nxd4 Nf6 5. Nc3 e6 6. Ndb5 d6 7. Bf4 e5 8.
Bg5 a6 9. Bxf6 gxf6 10. Na3 Be6 11. Nc4 b5 12. Ne3 Bh6 13. Ncd5 O-O 14. Qh5 Bg7
15. Bd3 Kh8 16. O-O Rg8 17. f4 Ra7 18. Rf3 Nd4 19. Rg3 Qf8 20. Rf1 h6 21. fxe5
fxe5 22. Nf6 Rc7 23. c3 Bc4 24. Bxc4 bxc4 25. cxd4 exd4 26. Ned5 Rb7 27. Qf5
Bxf6 28. Rxg8+ 1-0

[Event "Olimpiada de Khanty-Mansiysk 2010"]
[Site "Khanty-Mansiysk RUS"]
[Date "2010.10.03"]
[Round "11"]
[White "Shrestha, Keshav"]
[Black "Mungroo, Franklin"]
[Result "1-0"]
[WhiteElo "2122"]
[BlackElo "2156"]
[PlyCount "165"]
[EventDate "2010.09.21"]
[EventType "team"]
[EventRounds "11"]
[EventCountry "RUS"]
[Source "lmi"]
[SourceDate "2010.09.21"]
[WhiteTeam "Nepal"]
[BlackTeam "Surinam"]
[WhiteTeamCountry "NEP"]
[BlackTeamCountry "SUR"]

1. e4 e5 2. Nf3 d6 3. d4 Nd7 4. Bc4 c6 5. a4 Be7 6. O-O Ngf6 7. Nc3 O-O 8. Bb3
b6 9. Re1 Qc7 10. h3 Ne8 11. Qe2 Ndf6 12. Be3 Bb7 13. Rad1 a6 14. Bg5 h6 15.
Bh4 g5 16. dxe5 dxe5 17. Bg3 Bd6 18. Nd2 b5 19. axb5 axb5 20. Nf1 Ng7 21. h4
Nfh5 22. hxg5 hxg5 23. Qd2 Nxg3 24. Qxd6 Qxd6 25. Rxd6 Nxf1 26. Kxf1 Rac8 27.
Re3 Rfd8 28. Red3 Rxd6 29. Rxd6 Rc7 30. Rd8+ Kh7 31. Ke1 Bc8 32. Bxf7 Rxf7 33.
Rxc8 Rf6 34. Na2 Rf4 35. f3 g4 36. Ke2 gxf3+ 37. gxf3 Ne6 38. c3 Ng5 39. Rc7+
Kg8 40. Rxc6 Nxf3 41. Rb6 Ng1+ 42. Kd3 Rf3+ 43. Kc2 Rf2+ 44. Kb3 Nf3 45. Rxb5
Re2 46. Nb4 Rxe4 47. Nc6 Kf7 48. Rd5 Ke6 49. Rd8 Re1 50. Kc4 e4 51. b4 Ne5+ 52.
Nxe5 Kxe5 53. Kc5 Rh1 54. b5 Rb1 55. b6 Kf4 56. Rf8+ Ke3 57. Rd8 Kf2 58. c4 e3
59. Rf8+ Kg2 60. Re8 Kf2 61. Kc6 e2 62. b7 e1=Q 63. Rxe1 Kxe1 64. Kc7 Rc1 65.
b8=Q Rxc4+ 66. Kd6 Kd2 67. Kd5 Rc3 68. Qb4 Kc2 69. Kd4 Rb3 70. Qa4 Kb2 71. Qc4
Ka3 72. Qc1+ Ka2 73. Qd2+ Ka1 74. Kc4 Rb2 75. Qd4 Kb1 76. Kc3 Ka1 77. Qg7 Ka2
78. Qa7+ Kb1 79. Qa4 Rb8 80. Qc2+ Ka1 81. Qh2 Rb1 82. Qg2 Rb8 83. Qg1+ 1-0

[Event "Olimpiada de Khanty-Mansiysk 2010"]
[Site "Khanty-Mansiysk RUS"]
[Date "2010.10.03"]
[Round "11"]
[White "Hanoeman, Suradj"]
[Black "Thapa, Uttam Raj"]
[Result "0-1"]
[WhiteElo "1992"]
[BlackElo "2029"]
[PlyCount "126"]
[EventDate "2010.09.21"]
[EventType "team"]
[EventRounds "11"]
[EventCountry "RUS"]
[Source "lmi"]
[SourceDate "2010.09.21"]
[WhiteTeam "Surinam"]
[BlackTeam "Nepal"]
[WhiteTeamCountry "SUR"]
[BlackTeamCountry "NEP"]

1. d4 Nf6 2. Nf3 d5 3. c4 c6 4. Nc3 e6 5. cxd5 exd5 6. Bg5 Bf5 7. e3 Nbd7 8.
Bd3 Bxd3 9. Qxd3 Be7 10. O-O O-O 11. Rae1 Ne4 12. Bxe7 Qxe7 13. Nd2 f5 14. f3
Nxd2 15. Qxd2 Rae8 16. Re2 Rf6 17. Rfe1 Re6 18. Qd3 Qg5 19. e4 fxe4 20. fxe4
Qg6 21. Qh3 dxe4 22. d5 R6e7 23. Rd1 Nb6 24. dxc6 Qxc6 25. Qf5 Re5 26. Qf4 Nd7
27. Rf1 Qc5+ 28. Qe3 Qxe3+ 29. Rxe3 Nf6 30. Rd1 Kf7 31. h3 Ke6 32. Ne2 Ra5 33.
a3 Rc8 34. Nc3 Re5 35. Rd4 Kf5 36. Kf2 h5 37. Ke2 g5 38. Kd2 g4 39. h4 Rce8 40.
b4 R8e7 41. g3 Rd7 42. Rxd7 Nxd7 43. Ne2 Rd5+ 44. Kc2 Nf6 45. Nf4 Rd6 46. Rc3
Rc6 47. b5 Rxc3+ 48. Kxc3 Ke5 49. Kc4 a5 50. Ng6+ Kf5 51. Nf4 a4 52. Kc5 Ke5
53. Ng6+ Ke6 54. Nf4+ Kd7 55. b6 Ke7 56. Ng6+ Ke6 57. Nf4+ Ke5 58. Ng6+ Kf5 59.
Nf4 e3 60. Kd6 Ke4 61. Ke6 Kf3 62. Kxf6 Kxg3 63. Nxh5+ Kf3 0-1

[Event "Olimpiada de Khanty-Mansiysk 2010"]
[Site "Khanty-Mansiysk RUS"]
[Date "2010.10.03"]
[Round "11"]
[White "Shobaita, Talal"]
[Black "Paiva, Donaldo"]
[Result "1/2-1/2"]
[WhiteElo "2160"]
[BlackElo "2138"]
[PlyCount "48"]
[EventDate "2010.09.21"]
[EventType "team"]
[EventRounds "11"]
[EventCountry "RUS"]
[Source "lmi"]
[SourceDate "2010.09.21"]
[WhiteTeam "Palestina"]
[BlackTeam "Mozambique"]
[WhiteTeamCountry "PLE"]
[BlackTeamCountry "MOZ"]

1. d4 Nf6 2. c4 g6 3. Nc3 Bg7 4. e4 d6 5. Nf3 O-O 6. h3 c5 7. d5 e6 8. Bd3 exd5
9. cxd5 Na6 10. O-O Nc7 11. a4 b6 12. Bf4 a6 13. Nd2 Rb8 14. Nc4 Nfe8 15. Qe2
b5 16. axb5 axb5 17. Na5 Bd7 18. Nc6 Bxc6 19. dxc6 Ne6 20. Be3 N8c7 21. Ra7 c4
22. Bb1 Nd4 23. Bxd4 Bxd4 24. Rxc7 Qxc7 1/2-1/2

[Event "Olimpiada de Khanty-Mansiysk 2010"]
[Site "Khanty-Mansiysk RUS"]
[Date "2010.10.03"]
[Round "11"]
[White "Urbina, Ricardo"]
[Black "Celis, Solomon B"]
[Result "1-0"]
[WhiteElo "2226"]
[BlackElo "1985"]
[PlyCount "67"]
[EventDate "2010.09.21"]
[EventType "team"]
[EventRounds "11"]
[EventCountry "RUS"]
[Source "lmi"]
[SourceDate "2010.09.21"]
[WhiteTeam "Honduras"]
[BlackTeam "Macao"]
[WhiteTeamCountry "HON"]
[BlackTeamCountry "MAC"]

1. e4 c5 2. Nf3 d6 3. d4 cxd4 4. Nxd4 Nf6 5. Nc3 a6 6. Bc4 Qc7 7. Bb3 e6 8. g4
Nc6 9. g5 Nxd4 10. Qxd4 Nd7 11. Be3 b5 12. O-O-O Nc5 13. Rhe1 Nxb3+ 14. axb3
Rb8 15. f4 Bd7 16. b4 Rc8 17. f5 e5 18. Qd2 Bc6 19. Qf2 f6 20. gxf6 gxf6 21.
Rg1 Qf7 22. Qh4 Bb7 23. Bh6 Rc4 24. Bxf8 Rxf8 25. Rxd6 Rd4 26. Re6+ Kd8 27. Qh6
Rd7 28. b3 Kc7 29. Nd5+ Bxd5 30. exd5 Rg8 31. Rd1 Rd6 32. Qe3 Qf8 33. Qa7+ Kc8
34. Re7 1-0

[Event "Olimpiada de Khanty-Mansiysk 2010"]
[Site "Khanty-Mansiysk RUS"]
[Date "2010.10.03"]
[Round "11"]
[White "Fesalbon, Rolando"]
[Black "Huguet, Sergio"]
[Result "0-1"]
[WhiteElo "2061"]
[BlackElo "2142"]
[PlyCount "80"]
[EventDate "2010.09.21"]
[EventType "team"]
[EventRounds "11"]
[EventCountry "RUS"]
[Source "lmi"]
[SourceDate "2010.09.21"]
[WhiteTeam "Macao"]
[BlackTeam "Honduras"]
[WhiteTeamCountry "MAC"]
[BlackTeamCountry "HON"]

1. Nf3 c5 2. e3 d5 3. b3 Nc6 4. Bb5 e6 5. Bb2 Nf6 6. Ne5 Bd7 7. Bxc6 Bxc6 8.
O-O Be7 9. d3 O-O 10. Nd2 Nd7 11. f4 Nxe5 12. Bxe5 f6 13. Bb2 Bd6 14. d4 b6 15.
Rf3 Qe7 16. Rh3 Be8 17. Nf3 Bg6 18. g4 Rac8 19. Rc1 Be4 20. Nd2 Bg6 21. c4 cxd4
22. Bxd4 Ba3 23. Ra1 e5 24. f5 Bf7 25. Bc3 Rfd8 26. Qc2 dxc4 27. bxc4 b5 28. g5
b4 29. g6 bxc3 30. gxf7+ Kxf7 31. Nb3 Rxc4 32. Qe2 Qc7 33. Qh5+ Kf8 34. Qxh7
Rg4+ 35. Kf2 Qc6 36. Rf3 c2 37. Re1 c1=Q 38. Nxc1 Bxc1 39. Qh5 Rd2+ 40. Re2
Rxe2+ 0-1

[Event "Olimpiada de Khanty-Mansiysk 2010"]
[Site "Khanty-Mansiysk RUS"]
[Date "2010.10.03"]
[Round "11"]
[White "Faulks, Nick"]
[Black "Eichab, Charles Sidney"]
[Result "1/2-1/2"]
[WhiteElo "2109"]
[BlackElo "2046"]
[PlyCount "73"]
[EventDate "2010.09.21"]
[EventType "team"]
[EventRounds "11"]
[EventCountry "RUS"]
[Source "lmi"]
[SourceDate "2010.09.21"]
[WhiteTeam "Bermuda"]
[BlackTeam "Namibia"]
[WhiteTeamCountry "BER"]
[BlackTeamCountry "NAM"]

1. e4 e6 2. d4 d5 3. Nc3 Nf6 4. e5 Nfd7 5. f4 c5 6. Be3 Nc6 7. dxc5 Bxc5 8.
Bxc5 Nxc5 9. Qd2 a6 10. Bd3 Bd7 11. Nf3 g6 12. O-O-O Rc8 13. h4 Qa5 14. a3 b5
15. h5 b4 16. Na2 bxa3 17. Qxa5 axb2+ 18. Kxb2 Nxa5 19. hxg6 Nxd3+ 20. Rxd3
fxg6 21. Ng5 h5 22. Nc3 Ke7 23. Rdh3 Nc4+ 24. Kc1 a5 25. g4 Rcf8 26. Ne2 a4 27.
gxh5 a3 28. Kb1 Rb8+ 29. Ka1 Rxh5 30. Rxh5 gxh5 31. Rxh5 Rb2 32. Nd4 Ne3 33.
Rh7+ Ke8 34. Rh8+ Ke7 35. Rh7+ Ke8 36. Rh8+ Ke7 37. Rh7+ 1/2-1/2

[Event "Olimpiada de Khanty-Mansiysk 2010"]
[Site "Khanty-Mansiysk RUS"]
[Date "2010.10.03"]
[Round "11"]
[White "Muller, Leonhard"]
[Black "Radford, Michael"]
[Result "1-0"]
[WhiteElo "2163"]
[BlackElo "1895"]
[PlyCount "75"]
[EventDate "2010.09.21"]
[EventType "team"]
[EventRounds "11"]
[EventCountry "RUS"]
[Source "lmi"]
[SourceDate "2010.09.21"]
[WhiteTeam "Namibia"]
[BlackTeam "Bermuda"]
[WhiteTeamCountry "NAM"]
[BlackTeamCountry "BER"]

1. Nf3 Nf6 2. c4 b6 3. g3 Bb7 4. Bg2 e6 5. O-O Be7 6. Nc3 O-O 7. Re1 d5 8. cxd5
Nxd5 9. e4 Nxc3 10. bxc3 c5 11. d4 Nd7 12. Bf4 h6 13. h4 Re8 14. Qd2 a5 15. Qe3
b5 16. Rab1 b4 17. a3 cxd4 18. cxd4 Nb6 19. Rec1 Bd6 20. Ne5 Rc8 21. axb4 axb4
22. Rxc8 Nxc8 23. Bf1 f6 24. Nd3 e5 25. dxe5 fxe5 26. Bxh6 gxh6 27. Qxh6 Bxe4
28. Nf4 Nb6 29. Nh5 Bf8 30. Qe3 Bxb1 31. Qb3+ Kh8 32. Qxb1 Re6 33. Qf5 Qe7 34.
Bh3 Rh6 35. g4 Nd7 36. Bf1 Qh7 37. Qf3 Qg8 38. g5 1-0

[Event "Olimpiada de Khanty-Mansiysk 2010"]
[Site "Khanty-Mansiysk RUS"]
[Date "2010.10.03"]
[Round "11"]
[White "Bacchas, Clevert"]
[Black "Nakapunda, Otto"]
[Result "1-0"]
[WhiteElo "1871"]
[BlackElo "2073"]
[PlyCount "83"]
[EventDate "2010.09.21"]
[EventType "team"]
[EventRounds "11"]
[EventCountry "RUS"]
[Source "lmi"]
[SourceDate "2010.09.21"]
[WhiteTeam "Bermuda"]
[BlackTeam "Namibia"]
[WhiteTeamCountry "BER"]
[BlackTeamCountry "NAM"]

1. d4 d5 2. Nf3 Nf6 3. Bf4 Bf5 4. e3 e6 5. c4 c6 6. Nc3 Bd6 7. Bg5 h6 8. Bh4
Nbd7 9. Bd3 Bxd3 10. Qxd3 Qa5 11. O-O O-O 12. Rac1 Rac8 13. Rfe1 dxc4 14. Qxc4
e5 15. Bxf6 Nxf6 16. e4 Bb8 17. b4 Qb6 18. h3 exd4 19. Nxd4 Nd7 20. Nf5 Rfe8
21. Rcd1 Rcd8 22. a3 Ne5 23. Qe2 Qc7 24. f4 Ng6 25. g3 f6 26. Qg4 Qf7 27. h4
Kh7 28. Rxd8 Rxd8 29. Rd1 Rxd1+ 30. Qxd1 Qc4 31. Qd7 Qg8 32. Qxb7 h5 33. b5
cxb5 34. Nd5 Kh8 35. Qxb5 Qc8 36. Kf2 Qc2+ 37. Ke3 Qc1+ 38. Kd4 Qa1+ 39. Nc3
Be5+ 40. fxe5 fxe5+ 41. Kc4 Qxa3 42. Qa4 1-0

[Event "Olimpiada de Khanty-Mansiysk 2010"]
[Site "Khanty-Mansiysk RUS"]
[Date "2010.10.03"]
[Round "11"]
[White "Tsang, Hon Ki"]
[Black "Sanon, Mondoly"]
[Result "1-0"]
[WhiteElo "2085"]
[BlackElo "2120"]
[PlyCount "65"]
[EventDate "2010.09.21"]
[EventType "team"]
[EventRounds "11"]
[EventCountry "RUS"]
[Source "lmi"]
[SourceDate "2010.09.21"]
[WhiteTeam "Hong Kong"]
[BlackTeam "Haití"]
[WhiteTeamCountry "HKG"]
[BlackTeamCountry "HAI"]

1. e4 e5 2. Nf3 d6 3. d4 exd4 4. Nxd4 g6 5. Nc3 Bg7 6. h4 Nf6 7. Be2 a6 8. h5
c5 9. Nb3 gxh5 10. Bg5 Be6 11. e5 Bxb3 12. exf6 Bxf6 13. Bxf6 Qxf6 14. axb3 Nc6
15. Nd5 Qxb2 16. Rb1 Qg7 17. Nc7+ Kd7 18. Nxa8 Rxa8 19. Kf1 Nd4 20. Bxh5 Kc7
21. c3 Nb5 22. Rc1 Re8 23. Qf3 Re7 24. Rh3 Qg5 25. Rd1 f5 26. Qg3 Qf6 27. Be2
Na7 28. Qf4 Rd7 29. Rh6 Qf8 30. Rd5 Nc6 31. Rxc5 b6 32. Rxf5 Qg7 33. Rxd6 1-0

[Event "Olimpiada de Khanty-Mansiysk 2010"]
[Site "Khanty-Mansiysk RUS"]
[Date "2010.10.03"]
[Round "11"]
[White "Lee, T H Bryan"]
[Black "Lebrun, Piersont"]
[Result "1/2-1/2"]
[WhiteElo "1935"]
[BlackElo "1956"]
[PlyCount "72"]
[EventDate "2010.09.21"]
[EventType "team"]
[EventRounds "11"]
[EventCountry "RUS"]
[Source "lmi"]
[SourceDate "2010.09.21"]
[WhiteTeam "Hong Kong"]
[BlackTeam "Haití"]
[WhiteTeamCountry "HKG"]
[BlackTeamCountry "HAI"]

1. e4 e5 2. Nf3 Nf6 3. Nxe5 d6 4. Nf3 Nxe4 5. Nc3 Nxc3 6. dxc3 Be7 7. Bf4 O-O
8. Qd2 Nc6 9. O-O-O Be6 10. Kb1 a5 11. h4 f6 12. Bd3 g6 13. Qe2 Bf7 14. g4 Qd7
15. h5 Rfe8 16. hxg6 hxg6 17. Rdg1 Bf8 18. Qf1 Bg7 19. Qh3 g5 20. Nxg5 fxg5 21.
Bxg5 Qe6 22. Qh7+ Kf8 23. b3 Bg8 24. Qh3 a4 25. Rg3 axb3 26. Rf3+ Bf7 27. cxb3
Ne5 28. Bf5 Qd5 29. Bh6 Nxf3 30. Bxg7+ Ke7 31. Re1+ Kd8 32. Bf6+ Re7 33. Bxe7+
Ke8 34. Qh8+ Bg8 35. Qh5+ Bf7 36. Qh8+ Bg8 1/2-1/2

[Event "Olimpiada de Khanty-Mansiysk 2010"]
[Site "Khanty-Mansiysk RUS"]
[Date "2010.10.03"]
[Round "11"]
[White "Chipanga, Chiletso"]
[Black "Cecchetti, Roberto"]
[Result "1/2-1/2"]
[WhiteElo "2138"]
[BlackElo "1930"]
[PlyCount "137"]
[EventDate "2010.09.21"]
[EventType "team"]
[EventRounds "11"]
[EventCountry "RUS"]
[Source "lmi"]
[SourceDate "2010.09.21"]
[WhiteTeam "MAW"]
[BlackTeam "San Marino"]
[BlackTeamCountry "SMR"]

1. e4 c5 2. Nf3 g6 3. c3 Bg7 4. d4 cxd4 5. cxd4 d5 6. e5 Nc6 7. h3 f6 8. Bb5 a6
9. Bxc6+ bxc6 10. O-O Nh6 11. exf6 exf6 12. Re1+ Kf7 13. Bf4 Nf5 14. Nc3 g5 15.
Nxg5+ fxg5 16. Qh5+ Kf8 17. Bxg5 Bf6 18. Bd2 Bd7 19. Na4 Bxd4 20. Qf3 Qf6 21.
Bc3 Kf7 22. Nc5 Bc8 23. Re2 Rg8 24. Rae1 Bxc3 25. bxc3 Ra7 26. Nd3 Kg7 27. Nf4
Kh8 28. Re8 Nd6 29. Rxg8+ Kxg8 30. Qe3 Rf7 31. Nh5 Qg6 32. g4 Bd7 33. Qb6 Ne4
34. Qd8+ Rf8 35. Qxd7 Nxf2 36. Kg2 Ne4 37. c4 Ng5 38. Re2 Nf7 39. cxd5 Qd3 40.
Nf6+ Kg7 41. Rf2 cxd5 42. Nxd5 Qe4+ 43. Kh2 Qe5+ 44. Kg2 Qe4+ 45. Kg3 Qe5+ 46.
Nf4 Rd8 47. Qf5 Qxf5 48. gxf5 Kf6 49. Nh5+ Kg5 50. Ng7 Rd3+ 51. Kg2 Kf6 52.
Ne8+ Ke7 53. Re2+ Kf8 54. f6 Nd6 55. Nc7 Kf7 56. Nxa6 Ra3 57. Nc5 Nf5 58. Nd7
Ra7 59. Nc5 Kxf6 60. a4 Nd4 61. Re4 Nf5 62. Kf3 Ng7 63. Kf4 Ra5 64. Re5 Rxc5
65. Re4 Ne6+ 66. Kg3 Rc3+ 67. Kg4 h5+ 68. Kh4 Rxh3+ 69. Kxh3 1/2-1/2

[Event "Olimpiada de Khanty-Mansiysk 2010"]
[Site "Khanty-Mansiysk RUS"]
[Date "2010.10.03"]
[Round "11"]
[White "Thompson, Edward Nii Lamp"]
[Black "Brookfield, Toby"]
[Result "1-0"]
[WhiteElo "1831"]
[BlackElo "1782"]
[PlyCount "87"]
[EventDate "2010.09.21"]
[EventType "team"]
[EventRounds "11"]
[EventCountry "RUS"]
[Source "lmi"]
[SourceDate "2010.09.21"]
[WhiteTeam "Ghana"]
[BlackTeam "Islas del Canal"]
[WhiteTeamCountry "GHA"]
[BlackTeamCountry "GCI"]

1. d4 f5 2. c4 Nf6 3. Nf3 e6 4. Nc3 Bb4 5. g3 O-O 6. Bg2 d6 7. O-O Bxc3 8. bxc3
Qe7 9. Ba3 Ne4 10. Qc2 Nd7 11. Rab1 c5 12. Ne1 Nb6 13. Qd3 e5 14. Nc2 Be6 15.
Ne3 Ng5 16. Nd5 Nxd5 17. cxd5 e4 18. Qd2 f4 19. dxe6 f3 20. d5 fxg2 21. Kxg2 h6
22. Qc2 b6 23. Bc1 Rf5 24. c4 Raf8 25. Bxg5 hxg5 26. Qxe4 Re5 27. Qd3 Rf6 28.
h3 Rh6 29. e3 Qe8 30. f4 gxf4 31. exf4 Reh5 32. Rh1 Kf8 33. g4 Rh4 34. f5 Ke7
35. a4 g6 36. f6+ Kxf6 37. Qc3+ Ke7 38. Qg7+ Kd8 39. Qxa7 Rh7 40. Qb8+ Ke7 41.
Qc7+ Kf6 42. Qxd6 Qxa4 43. Rbf1+ Kg7 44. Qf8# 1-0

[Event "Olimpiada de Khanty-Mansiysk 2010"]
[Site "Khanty-Mansiysk RUS"]
[Date "2010.10.03"]
[Round "11"]
[White "Murara, Maxence"]
[Black "Espirito Santo, Silverio"]
[Result "1-0"]
[WhiteElo "1685"]
[BlackElo "1858"]
[PlyCount "101"]
[EventDate "2010.09.21"]
[EventType "team"]
[EventRounds "11"]
[EventCountry "RUS"]
[Source "lmi"]
[SourceDate "2010.09.21"]
[WhiteTeam "Ruanda"]
[BlackTeam "STP"]
[WhiteTeamCountry "RWA"]

1. e4 e6 2. d4 d5 3. e5 c5 4. dxc5 Bxc5 5. Qg4 g6 6. Nf3 Qb6 7. Qg3 Ne7 8. Bd3
Nbc6 9. O-O Nb4 10. Bg5 Nxd3 11. cxd3 Nf5 12. Qh3 Qxb2 13. Nbd2 Be7 14. Nb3
Bxg5 15. Nxg5 Qxe5 16. Rac1 Qf6 17. f4 h6 18. Nf3 b6 19. Rc7 O-O 20. Ne5 Qh4
21. Qf3 Ba6 22. Qe2 Qd8 23. Rd7 Qf6 24. g4 Bb5 25. Rc7 Nd6 26. Rf2 Rfc8 27.
Rxc8+ Rxc8 28. h4 Qxh4 29. Nxg6 Qf6 30. Ne5 a5 31. g5 Qf5 32. gxh6 a4 33. h7+
Kh8 34. Nd4 Rc1+ 35. Kg2 Qxh7 36. Ndf3 Qh5 37. Qb2 Qh1+ 38. Kg3 Kg8 39. Rh2
Nf5+ 40. Kg4 Rg1+ 41. Nxg1 Qxg1+ 42. Kh5 Bxd3 43. Rg2+ Ng7+ 44. Kg5 Qh1 45.
Nxd3 Qh5+ 46. Kf6 Qh4+ 47. Rg5 Qh6+ 48. Ke7 f6 49. Rg2 Kh7 50. Qc2 Nf5+ 51. Kd7
1-0